Taylor Swift - Enchanted - Statistics

General Stats
  • This quiz has been taken 7,445 times
  • The average score is 277 of 360
Answer Stats
Hint Answer % Correct
I
99%
to
99%
was
98%
you
97%
me
96%
the
96%
The
96%
Enchanted
95%
meet
95%
in
94%
do
92%
don't
90%
is
90%
it
90%
again
88%
all
88%
There
88%
have
87%
your
86%
Your
86%
love
85%
faking
83%
night
83%
smiles
83%
This
83%
this
83%
and
82%
And
82%
tonight
82%
way
82%
Enchanting
81%
say
81%
we
81%
Forcing
80%
go
80%
I'm
79%
laughter
79%
let
79%
wonder
79%
can
76%
eyes
76%
home
75%
Same
75%
old
74%
sparkling
74%
be
72%
lonely
72%
met
72%
Not
72%
place
72%
tired
72%
if
71%
Please
71%
face
69%
forever
69%
of
69%
on
69%
someone
69%
when
69%
with
69%
else
68%
knew
68%
saw
68%
whisper
68%
wondering
68%
wonderstruck
67%
it's
65%
room
65%
starts
65%
make
64%
waiting
64%
I'll
63%
my
63%
My
63%
somebody
63%
Walls
63%
am
60%
conversation
60%
quick
60%
remarks
60%
vanished
60%
who
60%
back
59%
blushing
59%
spend
59%
passing
57%
secrecy
57%
shifting
57%
up
57%
Cross
56%
like
56%
notes
56%
two
55%
vacancy
55%
counter
54%
insincerity
54%
silhouette
54%
playful
53%
were
53%
see
52%
that
52%
at
51%
awake
51%
know
51%
door
50%
first
50%
question
50%
wide
50%
kept
49%
now
49%
very
49%
story
48%
where
48%
forth
47%
pacing
47%
wishing
47%
flawless
46%
ends
45%
lingering
45%
page
45%
would
45%
I'd
44%
line
44%
til
44%
until
44%
will
44%
name
43%
open
43%
are
41%
as
41%
echo
41%
dancing
40%
Hey
40%
thoughts
40%
too
39%
words
39%
praying
38%
These
37%
held
36%
leaving
34%
soon
30%
alone
28%
around
23%
No matching quizzes found
Score Distribution
Percent of People with Each Score
Percentile by Number Answered
Your Score History
You have not taken this quiz